000 00614nam a2200169 4500
001 2661
090 _a2661
100 _a20190723b u||y0fre||u0ba y50
101 _aeng
200 _aThe Review of Radical Political Economics
_bPériodique
_eThe Political Economy of Women
_fUnion for Radical Political Economics (URPE)
210 _aEtats-Unis
_bIthaca, N.Y.
_cUnion for Radical Political Economics (URPE)
606 _aFéminisme
_9429
606 _9146
_aSyndicalisme
607 _91006
_aEtats-Unis d'Amérique
710 _96672
_aUnion for Radical Political Economics (URPE)
801 _aCH
_bCH-002049-8
955 _r1972: vol. IV, n°3